00679nam a2200217Ia 4500008004100000020001800041050001600059050001400075245006300089260002000152260003500172260000900207300001600216300001100232440005000243500002000293650001600313650003900329650003900368650005400407180523s9999 xx 000 0 und d a1-59139-501-1 aMAIN HD 60  b.H37 2004 0aHarvard business review on leadership in a changed world / aMassachusetts : bHarvard Business School Press, c2004 a208 pages : c21 cm. aThe Harvard business review paperback series. aIncludes index. aLeadership. aSocial responsibility of business. xGlobalization -- economic aspects. xInternational business enterprises -- Management.